[Event "Belavenets mem op"]
[Site "Smolensk"]
[Date "1991.??.??"]
[Round "?"]
[White "Maljutin, Evgeni"]
[Black "Obukhov, Alexander"]
[Result "1/2-1/2"]
[WhiteElo "2435"]
[BlackElo "2265"]

1.e4 c5 2.Nf3 d6 3.Bb5+ Nd7 4.O-O Nf6 5.d4 a6 6.Bxd7+ Qxd7 7.e5 dxe5 8.dxe5 Qxd1
9.Rxd1 Nd7 10.Nc3 e6 11.Ne4 b6 12.Nd6+ Bxd6 13.Rxd6 h6 14.Nd2 Bb7 15.Nc4 b5
16.Nb6 Nxb6 17.Rxb6 O-O-O 18.Be3 Rd5 19.a4 Rhd8 20.h4 Kc7 21.a5 Kc8 22.Rd6 R8xd6
23.exd6 c4 24.b3 cxb3 25.cxb3 Kd7 26.b4 Rh5 27.g3 Kxd6 28.Rd1+ Rd5 29.Rxd5+ exd5
30.Bd4 f6 31.f3 Ke6 32.Kf2 Kf5 33.Ke3 g5 34.g4+ Kg6 35.h5+ Kf7 36.f4 gxf4+
37.Kxf4 Bc8  1/2-1/2

[Event "Stavanger op"]
[Site "Stavanger"]
[Date "1991.??.??"]
[Round "9"]
[White "Fries Nielsen, Jens Ove"]
[Black "Aarland, Stein Arild"]
[Result "1-0"]
[WhiteElo "2380"]
[BlackElo "2215"]

1.Nf3 c5 2.e4 d6 3.Bb5+ Bd7 4.Bxd7+ Qxd7 5.O-O Nc6 6.Re1 e6 7.c4 Be7 8.d4 cxd4
9.Nxd4 Nf6 10.Nc3 O-O 11.Bg5 Rfd8 12.Rc1 Rac8 13.b3 Qe8 14.Nf3 Rd7 15.Qe2 Qd8
16.Rcd1 h6 17.Bc1 Qa5 18.Bb2 Rcd8 19.a3 a6 20.b4 Qc7 21.Rc1 Qb8 22.Rc2 Ng4
23.b5 Na5 24.Nd2 Ne5 25.f4 Ng6 26.g3 Rc8 27.a4 Rdc7 28.Nd1 Nf8 29.Qg4 f6
30.Ne3 Qa7 31.Kg2 Qc5 32.f5 e5 33.Nd5 Rd7 34.Re3 Bd8 35.Rd3 Qa7 36.Ba3 Qb8
37.Bb4 Kh8 38.Qh5 Bc7 39.b6  1-0

[Event "Rilton Cup"]
[Site "Stockholm"]
[Date "1991.??.??"]
[Round "8"]
[White "Solbrand, Stefan"]
[Black "Magnusson, Joergen"]
[Result "0-1"]
[WhiteElo "2235"]
[BlackElo "2290"]

1.e4 c5 2.Nf3 d6 3.Bb5+ Bd7 4.Bxd7+ Qxd7 5.O-O Nc6 6.d4 cxd4 7.Nxd4 Nf6 8.Re1 e6
9.Bg5 Be7 10.c3 O-O 11.Nxc6 Qxc6 12.Nd2 h6 13.Bxf6 Bxf6 14.Nf3 Rfd8 15.Qb3 d5
16.e5 Be7 17.Nd4 Qd7 18.Rad1 Rac8 19.Rd3 Rc4 20.Qd1 Rdc8 21.Rg3 b5 22.Qh5 Bg5
23.Qg4 g6 24.h4 Bd8 25.Qf4 Kg7 26.h5 g5 27.Qd2 a5 28.f4 b4 29.Rf1 bxc3 30.bxc3 Kh7
31.f5 exf5 32.Nxf5 Bb6+ 33.Kh2 Qe6 34.Nd4 Qxe5 35.Rxf7+ Kg8 36.Rf5 Rxd4 37.Rxg5+ hxg5
38.Qxg5+ Qxg5 39.Rxg5+ Kh7 40.cxd4 Rd8 41.Rf5 Bxd4 42.Rf7+ Kh6 43.g4 Rd6  0-1

[Event "SWZ-chT"]
[Site "?"]
[Date "1991.??.??"]
[Round "?"]
[White "Mantovani, Renzo"]
[Black "Gallagher, Joseph G"]
[Result "1/2-1/2"]
[WhiteElo "2370"]
[BlackElo "2520"]

1.e4 c5 2.Nf3 d6 3.Bb5+ Nd7 4.O-O Nf6 5.e5 dxe5 6.Nxe5 a6 7.Bxd7+ Nxd7 8.d4 cxd4
9.Qxd4 f6 10.Nc4 e6 11.Nc3 Bc5 12.Nd6+ Bxd6 13.Qxd6 Qe7 14.Ne4 f5 15.Bg5 Nf6
16.Nxf6+ gxf6 17.Qxe7+ Kxe7 18.Be3 Bd7 19.Rfd1 Bc6 20.f3 Rac8 21.c4 Rhd8  1/2-1/2

[Event "Sydney Mercantile"]
[Site "Sydney"]
[Date "1991.??.??"]
[Round "4"]
[White "Antonio, Rogelio Jr"]
[Black "West, Guy"]
[Result "1/2-1/2"]
[WhiteElo "2490"]
[BlackElo "2445"]

1.e4 c5 2.Nf3 d6 3.Bb5+ Bd7 4.Bxd7+ Nxd7 5.O-O Ngf6 6.Re1 e6 7.d4 cxd4 8.Nxd4 Be7
9.c4 a6 10.b3 O-O 11.Nc3 Qc7 12.Bb2 Rfc8 13.Qd2 Bf8 14.Rad1 b6 15.Kh1 Qb7
16.f4 Nc5 17.Qe2 Ne8 18.Qg4 b5 19.cxb5 axb5 20.b4 Na4 21.Nxa4 Rxa4 22.a3 Raa8
23.Qe2 Rc4 24.Nb3 Qc7 25.Nd2 Rc2 26.Rc1 Qc6 27.h3 g6 28.Rxc2 Qxc2 29.Nf3 Qxe2
30.Rxe2 Bg7 31.e5 dxe5 32.fxe5 Nc7 33.Rc2 Nd5 34.Rc5 Rb8 35.Nd4 Bxe5 36.Nc6 Bxb2
37.Nxb8 Bxa3 38.Na6 Nxb4 39.Nxb4 Bxb4 40.Rxb5 Bd6 41.g4 h6 42.Kg2 Kg7 43.Kf3 Kf6
44.Ke4 Bg3 45.Rb3 Bd6  1/2-1/2

[Event "Taby op"]
[Site "Taby"]
[Date "1991.??.??"]
[Round "?"]
[White "Engqvist, Thomas"]
[Black "Rytshagov, Mikhail"]
[Result "1-0"]
[WhiteElo "2270"]
[BlackElo "2435"]

1.e4 c5 2.Nf3 d6 3.Bb5+ Nd7 4.d4 Nf6 5.Nc3 a6 6.Bxd7+ Nxd7 7.Be3 e6 8.O-O Be7
9.a4 b6 10.Nd2 cxd4 11.Bxd4 O-O 12.Nc4 Qc7 13.b3 Bb7 14.Re1 Rfd8 15.Qd3 Rac8
16.Rad1 Bf6 17.Qg3 Be5 18.Qe3 Nc5 19.a5  1-0

[Event "Torcy op-B"]
[Site "Torcy"]
[Date "1991.??.??"]
[Round "?"]
[White "Leroy, Adrien"]
[Black "Vuillerme, F."]
[Result "1/2-1/2"]
[WhiteElo "1790"]
[BlackElo "2040"]

1.e4 c5 2.Nf3 d6 3.Bb5+ Nc6 4.O-O Bd7 5.d4 cxd4 6.Nxd4 g6 7.Nxc6 bxc6 8.Be2 Bg7
9.Nc3 Nf6 10.Be3 O-O 11.h3 Qc7 12.f4 Bc8 13.Qd2 Bb7 14.Bf3 Nd7 15.Rfd1 Rfd8
16.Rab1 a5 17.Qf2 Ba6 18.Be2 Bxe2 19.Nxe2 a4 20.Kh1 Rdb8 21.Bd4 Bxd4 22.Qxd4 Qa7
23.c4 Qxd4 24.Nxd4 Ra6 25.Ne2 Nc5 26.Nc3 Rab6 27.e5 dxe5 28.fxe5 Rxb2 29.Rxb2 Rxb2
30.Rd8+ Kg7 31.Rc8 Rc2 32.Rxc6 Rxc3 33.Rxc5 Ra3 34.Ra5 Rxa2 35.c5 a3 36.c6 Rc2
37.Rxa3 Rxc6 38.Kg1 Re6 39.Ra5 Kh6 40.Kf2 Kg5 41.Kf3  1/2-1/2

[Event "Tuzla"]
[Site "Tuzla"]
[Date "1991.??.??"]
[Round "13"]
[White "Lejlic, Samir"]
[Black "Nutu Gajic, Dana"]
[Result "1/2-1/2"]
[WhiteElo "2295"]
[BlackElo "2310"]

1.e4 c5 2.Nf3 d6 3.Bb5+ Bd7 4.Bxd7+ Qxd7 5.O-O Nc6 6.d4 cxd4 7.Nxd4 g6 8.Be3 Bg7
9.c3 Nf6 10.f3 O-O 11.Nd2 Ne5 12.c4 Rac8 13.b3 a6 14.Qe2 Nc6 15.Rad1 Nxd4
16.Bxd4 Qc6 17.Nb1 b5  1/2-1/2

[Event "Valby K41"]
[Site "Valby"]
[Date "1991.??.??"]
[Round "8"]
[White "Vogt, Lothar"]
[Black "Razuvaev, Yuri S"]
[Result "1/2-1/2"]
[WhiteElo "2510"]
[BlackElo "2590"]

1.e4 c5 2.Nf3 d6 3.Bb5+ Nd7 4.c3 Nf6 5.Qe2 a6 6.Ba4 e5 7.O-O Be7 8.d4 O-O
9.dxe5 Nxe5 10.Nxe5 dxe5 11.Bg5 b5 12.Bc2 Bg4 13.f3 Be6 14.Nd2 c4 15.Be3 Qc7
16.Rfd1 Nd7 17.Nf1 Rfd8 18.Bf2 Nc5 19.Ne3 g6 20.Rxd8+ Rxd8 21.Rd1 f6 22.Nd5 Bxd5
23.Rxd5 Rxd5 24.exd5 Nb7 25.f4 Bc5 26.fxe5 Qxe5 27.Qxe5 fxe5 28.Kf1 Bxf2
29.Kxf2 Kf7 30.Kf3 Kf6 31.b3 cxb3 32.axb3 a5 33.Ke3 b4 34.cxb4 axb4 35.Kd3 Nd6
36.g3 h6 37.Bd1 Ke7 38.Bg4 Kd8 39.Be6 Kc7 40.h4 Kd8 41.g4 g5 42.hxg5 hxg5
43.Ke3 Kc7 44.Kd3 Kb6 45.Ke3 Kc7 46.Kd3 Kd8 47.Ke3 Ke8 48.Kd3 Ke7 49.Bg8 Kf6
50.Be6 Kg6 51.Bg8 Kh6 52.Be6 Kh7 53.Bf7 Kh8 54.Be6 Kg7 55.Ke3 Kh8 56.Kd3 Kg7
57.Ke3 Kf8 58.Kd3 Ke7 59.Bg8 Kd7 60.Be6+ Kc7 61.Bg8 Kb7 62.Be6 Ka6 63.Bg8 Ka5
64.Be6 Kb5 65.Bg8 Kb6 66.Be6  1/2-1/2

[Event "Vienna op"]
[Site "Vienna"]
[Date "1991.??.??"]
[Round "5"]
[White "Martens, Martin"]
[Black "King, Daniel J"]
[Result "1/2-1/2"]
[WhiteElo "2325"]
[BlackElo "2505"]

1.e4 c5 2.Nf3 d6 3.Bb5+ Bd7 4.Bxd7+ Nxd7 5.O-O Ngf6 6.Qe2 Rc8 7.b3 g6 8.Bb2 Bg7
9.c4 e5 10.Nc3 Nf8 11.Nd5 Ne6 12.d3 O-O 13.Bc3 Nxd5 14.cxd5 Nd4 15.Nxd4 exd4
16.Bd2 f5 17.f3 Qd7 18.Rab1 Be5 19.Bg5 Rc7 20.a4 f4 21.Rfc1 Kg7 22.Bh4 a5
23.Qc2 Rcc8 24.Qc4 Ra8 25.Ra1 Rf7 26.Qb5 Qc7 27.Ra2 h6 28.Rf1 g5 29.Be1 h5
30.Rc2 Qd8 31.h3 Kh8 32.Kf2 Rg7 33.Rh1 Kg8 34.Ke2 g4 35.hxg4 hxg4 36.Kd1 Ra7
37.Re2 b6 38.Rh6 g3 39.Bd2 Rh7 40.Re6 Rae7 41.Rxe7 Rxe7 42.Re1 Rh7 43.Qc6 Rh2
44.Rg1 Kg7  1/2-1/2

[Event "Vienna op"]
[Site "Vienna"]
[Date "1991.??.??"]
[Round "6"]
[White "Mahdi, Khaled"]
[Black "Serper, Grigory"]
[Result "0-1"]
[WhiteElo "2360"]
[BlackElo "2490"]

1.e4 c5 2.Nf3 d6 3.Bb5+ Bd7 4.Bxd7+ Nxd7 5.O-O Ngf6 6.Re1 e6 7.c3 Be7 8.d4 O-O
9.Qd3 Rc8 10.Bg5 cxd4 11.cxd4 d5 12.e5 Ne4 13.Bxe7 Qxe7 14.Nbd2 Nxd2 15.Qxd2 Rc6
16.Rac1 Rfc8 17.Rxc6 Rxc6 18.h4 h6 19.Rc1 Nb8 20.g4 Qc7 21.Rxc6 Nxc6 22.a3 Qb6
23.h5 Na5 24.g5 Nc4 25.Qf4 Qxb2 26.gxh6 Qb1+ 27.Kg2 gxh6 28.Qxh6 Qf5 29.Ng5 Nxa3
30.Qf6 Qxf6 31.exf6 Nb5 32.h6 Nxd4 33.Nxf7 Nf5 34.Kf1 b6 35.Ke1 Kh7 36.Nd8 Kxh6
37.Nxe6 Kg6 38.Nf4+ Kxf6 39.Nxd5+ Ke5 40.Nc7 a5 41.Kd2 Kd4 42.Kc2 Kc4 43.Kb2 b5
44.Na8 b4 45.f4 a4 46.Nb6+ Kb5 47.Nd5 Kc5 48.Nf6 Kc4 49.Ne4 Kd4 50.Nd2 Ne3
51.Nf3+ Kc5 52.Ne1 Nc4+  0-1

[Event "Vienna op"]
[Site "Vienna"]
[Date "1991.??.??"]
[Round "9"]
[White "Fette, Martin"]
[Black "Kure, Alexander"]
[Result "1-0"]
[WhiteElo "2380"]
[BlackElo "2245"]

1.e4 c5 2.Nf3 d6 3.Bb5+ Nd7 4.d4 Nf6 5.Nc3 cxd4 6.Qxd4 e5 7.Qd3 h6 8.Be3 a6
9.Bc4 Be7 10.a4 b6 11.O-O Bb7 12.Rfd1 Qc7 13.Rd2 Bc6 14.Rdd1 Qb7 15.Nd2 Nc5
16.Bxc5 dxc5 17.Qg3 O-O 18.Qxe5 Rad8 19.Nf3 Rfe8 20.Qf4 b5 21.axb5 axb5 22.Bd5 Nxd5
23.exd5 Bxd5 24.Nxd5 Rxd5 25.Rxd5 Qxd5 26.Re1 Kf8 27.Qe3 Qd8 28.Qb3 Bf6 29.Qxb5 Rxe1+
30.Nxe1 Qd4 31.c3 Qe5 32.Nd3 Qe2 33.Qxc5+ Kg8 34.Qc8+ Kh7 35.Qf5+ g6 36.Qf3  1-0

[Event "Wuerzburg op"]
[Site "Wuerzburg"]
[Date "1991.??.??"]
[Round "5"]
[White "Ambroz, Jan"]
[Black "Gavrikov, Viktor"]
[Result "0-1"]
[WhiteElo "2425"]
[BlackElo "2580"]

1.e4 c5 2.Nf3 d6 3.Bb5+ Nd7 4.c3 Nf6 5.d3 g6 6.O-O Bg7 7.Re1 a6 8.Ba4 O-O
9.d4 b5 10.Bc2 Bb7 11.Bg5 h6 12.Bh4 Qc7 13.Nbd2 e5 14.Nf1 exd4 15.cxd4 Rfe8
16.d5 c4 17.Rc1 Nc5 18.N3d2 Qa5 19.a3 Nfd7 20.Rb1 Ne5 21.Re3 Qb6 22.Kh1 Rac8
23.f4 Ned7 24.Bf2 Qc7 25.Ng3 a5 26.a4 Nxa4 27.Bxa4 bxa4 28.Qxa4 Nc5 29.Qxc4 Ba6
30.Qa2 Nd3 31.Bg1 Nxf4 32.Rf3 Nd3 33.b4 Ne5 34.Rfb3 Bd3 35.Re1 Bc2 36.bxa5 Bxb3
37.Nxb3 Nd3 38.Rd1 Qc4 39.Qb1 Nb2 40.Nd2 Qc2  0-1

[Event "Zalaegerszeg"]
[Site "Zalaegerszeg"]
[Date "1991.??.??"]
[Round "9"]
[White "Horvath, Imre"]
[Black "David, Pavel"]
[Result "1/2-1/2"]
[WhiteElo "2360"]
[BlackElo "2400"]

1.e4 c5 2.Nf3 d6 3.Bb5+ Nc6 4.O-O Bd7 5.c3 a6 6.Ba4 c4 7.d4 cxd3 8.Qxd3 g6
9.Bg5 Bg7 10.Nbd2 Nf6 11.Bb3 O-O 12.h3 Na5 13.Rfe1 Qc7 14.Rad1 Rac8 15.Nf1 Bb5  1/2-1/2

[Event "Zalakaros op"]
[Site "Zalakaros"]
[Date "1991.??.??"]
[Round "6"]
[White "Velicka, Petr"]
[Black "Videki, Sandor"]
[Result "1/2-1/2"]
[WhiteElo "2335"]
[BlackElo "2385"]

1.e4 c5 2.Nf3 d6 3.Bb5+ Nc6 4.Bxc6+ bxc6 5.O-O Bg4 6.c3 Nf6 7.Re1 e6 8.d4 Bxf3
9.Qxf3 cxd4 10.cxd4 d5 11.e5 Nd7 12.Qg3 Qb6 13.Rd1 g6 14.Nc3 Be7 15.Bh6 Qxb2
16.Rab1 Qa3 17.Rd3 Qa6 18.Rf3 Bf8 19.Qf4 Bxh6 20.Qxh6 Qc4 21.Rb7 Rf8 22.Qd2 Qa6
23.Qb2 O-O-O 24.Rb4 Nb6 25.h3 Kc7 26.Qb3 Rb8 27.Na4 Qc8 28.Rc3 Rd8 29.Qc2 Kd7
30.Nc5+ Ke8 31.Qc1 Kf8 32.Qh6+ Kg8 33.Rf3 Rf8 34.Rf4 f5 35.exf6 Rf7 36.Qg5 Qf8
37.h4 a5 38.Rb1 Nd7 39.Rxb8 Qxb8 40.h5 Qb1+ 41.Kh2 Nxc5 42.hxg6 Qxg6 43.Qxg6+ hxg6
44.dxc5 g5 45.Ra4 Rxf6 46.Kg3 Rf4 47.Rxa5 Rc4 48.Ra7 e5 49.a4 Rxc5 50.a5 Rc4
51.Re7 Ra4 52.Rxe5 Kf7 53.Rxg5 Rxa5 54.f4 Ra3+ 55.Kf2 Rc3 56.g4 d4 57.Ra5 c5
58.f5 Rc2+ 59.Ke1 Kf6 60.Ra6+ Kg5 61.f6 Kg6 62.Kd1 d3 63.Rc6 c4 64.g5  1/2-1/2

[Event "Ajka op"]
[Site "Ajka"]
[Date "1992.??.??"]
[Round "7"]
[White "Sutovskij, Emil"]
[Black "Ryskin, Alexander"]
[Result "0-1"]
[WhiteElo "2265"]
[BlackElo "2445"]

1.e4 c5 2.Nf3 d6 3.Bb5+ Bd7 4.Bxd7+ Qxd7 5.O-O Nf6 6.e5 dxe5 7.Nxe5 Qc7 8.d4 e6
9.Nc3 cxd4 10.Qxd4 Nc6 11.Nxc6 Qxc6 12.Bg5 Be7 13.Rfe1 h6 14.Bh4 O-O 15.Rad1 Rfd8
16.Qe5 Qc4 17.Bxf6 Bxf6 18.Qa5 Rxd1 19.Rxd1 Bxc3 20.Qxc3 Qxc3 21.bxc3 Rc8
22.g3 a6 23.a4 Rc7 24.Rd8+ Kh7 25.Rd3 Kg6 26.Kf1 Kf6 27.Ke1 Ke7 28.Kd2 Rc6
29.Rd4 Rd6 30.Ke3 Kd7 31.Rf4 f6 32.Rb4 Kc7 33.h4 Rd5 34.Rg4 g5 35.hxg5 hxg5
36.f4 Kc6 37.fxg5 Rxg5 38.Rxg5 fxg5 39.Kf3 a5 40.c4 Kc5 41.Kg4 Kxc4 42.Kxg5 b5  0-1

[Event "Simferopol/Alushta"]
[Site "Alushta"]
[Date "1992.??.??"]
[Round "?"]
[White "Milov, Leonid"]
[Black "Savon, Vladimir A"]
[Result "1/2-1/2"]
[WhiteElo "2400"]
[BlackElo "2420"]

1.e4 c5 2.Nf3 d6 3.Bb5+ Bd7 4.Bxd7+ Qxd7 5.c4 Nc6 6.d4 cxd4 7.Nxd4 Nf6 8.Nc3 Qg4
9.Qxg4 Nxg4 10.Nxc6 bxc6 11.b3 g6 12.Bb2 Bg7 13.h3 Ne5 14.O-O-O Nd7 15.Na4 Bxb2+
16.Kxb2 c5 17.f4 f6 18.Rde1 Rc8 19.Kc3 g5 20.g3 Rg8 21.Rhg1  1/2-1/2

[Event "Wch U26"]
[Site "Antwerp"]
[Date "1992.??.??"]
[Round "3"]
[White "Bus, Mariusz"]
[Black "Janjgava, Lasha"]
[Result "0-1"]
[WhiteElo "2385"]
[BlackElo "2485"]

1.e4 c5 2.Nf3 d6 3.Bb5+ Nc6 4.O-O Bd7 5.Re1 Nf6 6.c3 a6 7.Bf1 Bg4 8.h3 Bxf3
9.Qxf3 g6 10.d3 Bg7 11.Bg5 O-O 12.Nd2 Nd7 13.Qe3 b5 14.Bh6 Qb6 15.Bxg7 Kxg7
16.Nf3 Rfc8 17.h4 Nf6 18.g3 Ne5 19.Bh3 e6 20.Nxe5 dxe5 21.f4 exf4 22.Qxf4 Qc7
23.e5 Nd5 24.Qf3 c4 25.d4 b4 26.Rf1 Ra7 27.Bg2 bxc3 28.bxc3 Qa5 29.Qf2 Qxc3
30.Bxd5 exd5 31.h5 Re8 32.Kg2 Re6 33.Rab1 Qd3 34.Rb8 gxh5 35.Rd8 Rg6 36.Kh2 c3
37.Rxd5 Rb7 38.Kh3 h4 39.e6 hxg3 40.Qf4 g2+  0-1

[Event "Akropolis"]
[Site "Athens"]
[Date "1992.??.??"]
[Round "7"]
[White "Grivas, Efstratios"]
[Black "Skembris, Spyridon"]
[Result "1/2-1/2"]
[WhiteElo "2465"]
[BlackElo "2530"]

1.e4 c5 2.Nf3 d6 3.Bb5+ Bd7 4.Bxd7+ Nxd7 5.c4 g6 6.Nc3 Bg7 7.O-O Ngf6 8.d4 cxd4
9.Nxd4 O-O 10.Be3 a6 11.Rc1 Rc8 12.b3 Re8 13.f3 Qa5 14.Qd2 Ne5 15.Rfd1 Nc6
16.Qf2 Nd7  1/2-1/2

[Event "Auckland"]
[Site "Auckland"]
[Date "1992.??.??"]
[Round "1"]
[White "Levi, Eddy"]
[Black "Noble, Mark Frederick"]
[Result "1/2-1/2"]
[WhiteElo "2300"]
[BlackElo "2320"]

1.e4 c5 2.Nf3 d6 3.Bb5+ Bd7 4.Bxd7+ Qxd7 5.O-O Nc6 6.c3 Nf6 7.d4 Nxe4 8.d5 Ne5
9.Nxe5 dxe5 10.Re1 Nd6 11.Rxe5 g6 12.Bf4 Bg7 13.Re1 O-O 14.Nd2  1/2-1/2

[Event "AUT-chT"]
[Site "AUT"]
[Date "1992.??.??"]
[Round "?"]
[White "Mahdi, Khaled"]
[Black "Watzka, Horst"]
[Result "1/2-1/2"]
[WhiteElo "2360"]
[BlackElo "2325"]

1.e4 c5 2.Nf3 d6 3.Bb5+ Bd7 4.Bxd7+ Qxd7 5.O-O Nc6 6.c3 Nf6 7.Qe2 e6 8.Rd1 Be7
9.d4 cxd4 10.cxd4 d5 11.e5 Ne4 12.Nbd2 Nxd2 13.Bxd2 Rc8 14.Qd3 O-O 15.Ng5 Bxg5
16.Bxg5 Kh8 17.Qf3 a6 18.Rac1 Na7 19.h4 Rxc1 20.Rxc1 Rc8 21.Rxc8+ Nxc8 22.Qa3 Kg8
23.Qc5 h6 24.Bd2 b6 25.Qc3 Ne7 26.Qb4 Qb7 27.h5 Nc6 28.Qc3 Qd7 29.b3 Ne7
30.Qb4 Qb7 31.g4 Nc6 32.Qc3 a5 33.g5 hxg5 34.Bxg5 Ne7 35.h6 gxh6 36.Bxh6 Nf5
37.Bg5 Kf8 38.b4 axb4 39.Qxb4+ Ke8 40.Qb5+ Kf8 41.a4 Qc7 42.Qa6 Ke8 43.Qb5+ Kf8
44.Qa6 Ke8 45.Qb5+ Kf8  1/2-1/2

[Event "AUT-chT2O"]
[Site "AUT"]
[Date "1992.??.??"]
[Round "?"]
[White "Lendwai, Reinhard"]
[Black "Wirius, Johannes"]
[Result "1/2-1/2"]
[WhiteElo "2410"]
[BlackElo "2280"]

1.e4 c5 2.Nf3 d6 3.Bb5+ Bd7 4.Bxd7+ Qxd7 5.O-O Nc6 6.c3 Nf6 7.d4 cxd4 8.cxd4 d5
9.e5 Ne4 10.Ne1 f6 11.f3 Ng5 12.Bxg5 fxg5 13.f4 gxf4 14.Rxf4 g6 15.Qd3 Bh6
16.Rf2 Qg4 17.Nc2 Rf8 18.Rxf8+ Kxf8 19.Nc3 e6 20.Nb5 Kg8 21.Rf1 Rf8 22.Rxf8+ Bxf8
23.Nc7 Kf7 24.h3 Qf4 25.a3 Bh6 26.Nb5 Ke7 27.Qc3 Qc1+ 28.Kf2 Qd2+ 29.Qxd2 Bxd2
30.Ke2 Bc1 31.b4 Kd7 32.Kd3 a6 33.Nd6 Nd8 34.a4 Bg5 35.b5 Be7 36.Nxb7 axb5
37.Nxd8 Kxd8 38.axb5 Kc7 39.Ne3 h5 40.g3 Kb6 41.h4 Kxb5 42.Ng2 g5 43.hxg5 Bxg5
44.Nf4 Bxf4 45.gxf4 Kc6 46.Ke3  1/2-1/2

[Event "AUT-chT"]
[Site "AUT"]
[Date "1992.??.??"]
[Round "?"]
[White "Watzka, Horst"]
[Black "Beck, Gerald"]
[Result "1/2-1/2"]
[WhiteElo "2325"]
[BlackElo "2260"]

1.e4 c5 2.Nf3 d6 3.Bb5+ Bd7 4.Bxd7+ Qxd7 5.O-O Nf6 6.Re1 Nc6 7.c4 e5 8.Nc3 g6
9.a3 Bg7 10.Rb1 a5 11.d3 O-O 12.Nd5 Nxd5 13.cxd5 Ne7 14.b4 cxb4 15.axb4 a4
16.b5  1/2-1/2

[Event "Barcelona"]
[Site "Barcelona"]
[Date "1992.??.??"]
[Round "?"]
[White "Akopian, Vladimir"]
[Black "Kortschnoj, Viktor"]
[Result "1/2-1/2"]
[WhiteElo "2605"]
[BlackElo "2585"]

1.e4 c5 2.Nf3 d6 3.Bb5+ Bd7 4.Bxd7+ Qxd7 5.O-O Nc6 6.c4 g6 7.d4 cxd4 8.Nxd4 Bg7
9.Be3 Nf6 10.f3 O-O 11.Nc3 Rfc8 12.b3 Qd8 13.Qd2 Qa5 14.Rac1 a6 15.Rfd1 b5
16.Nxc6 Rxc6 17.Nd5 Qxd2 18.Bxd2 Kf8 19.Nb4 Rcc8 20.cxb5 axb5 21.Rxc8+ Rxc8
22.Rc1 Rxc1+ 23.Bxc1 Ke8 24.Kf1 Kd7 25.Ke2 e6 26.a4 Kc7 27.axb5 Nd7 28.Be3 Bc3
29.Nc6 Ne5 30.Nxe5 Bxe5 31.g3 Bf6 32.Kd3 Kb7 33.Kc4 Bd8 34.Bf4 Be7 35.Bd2 Bd8
36.Bb4 Bc7 37.Bc3 Bd8 38.Bd4 Be7 39.Be3 Bd8 40.Kd3 Be7 41.g4 Bd8 42.Bf4 Be7
43.Kc4 Kb6 44.h3 h5 45.gxh5 gxh5 46.Be3+ Kb7 47.Kd3 Bh4 48.Ke2 Bd8 49.Kf2 Bh4+
50.Kg2 Kc7 51.Bf2 Bxf2 52.Kxf2 Kb6 53.Ke3 Kxb5 54.Kd3 Kb4 55.Kc2 h4 56.f4 f6
57.Kb2 e5 58.fxe5 fxe5 59.Kc2 d5 60.exd5 Kc5  1/2-1/2

[Event "Benidorm op"]
[Site "Benidorm"]
[Date "1992.??.??"]
[Round "3"]
[White "Carlier, Bruno"]
[Black "Topalov, Veselin"]
[Result "1/2-1/2"]
[WhiteElo "2395"]
[BlackElo "2460"]

1.e4 c5 2.Nf3 d6 3.Bb5+ Nd7 4.d4 Nf6 5.O-O a6 6.Bxd7+ Nxd7 7.e5 e6 8.c4 dxe5
9.dxe5 Be7 10.Nc3 b6 11.Ne4 Bb7 12.Qe2 Qc7 13.Bf4 Qc6 14.Rfe1 Qxe4 15.Qxe4 Bxe4
16.Rxe4 h6 17.h4 g6 18.a4 O-O-O 19.Bd2 Nb8 20.Bc3 Nc6 21.Kf1 Rd7 22.Rf4 Bd8
23.Ke2 Bc7 24.Re4 Rhd8 25.Rc1 Kb7 26.Rc2 h5 27.Rd2 Na7 28.Rxd7 Rxd7 29.Re3 b5
30.axb5 axb5 31.b3 bxc4 32.bxc4 Nc6 33.Rd3 Re7 34.Ke3 Kc8 35.Ke4 Bd8 36.Rd1 Rb7
37.Ra1 Rb3 38.Bd2 Be7 39.Be3 Nb4 40.Nd2 Rb2 41.Rb1 Rxb1 42.Nxb1 Nc6 43.f4  1/2-1/2

[Event "Biel op"]
[Site "Biel"]
[Date "1992.??.??"]
[Round "2"]
[White "Scherer, Helmut"]
[Black "Hoffman, Alejandro"]
[Result "0-1"]
[WhiteElo "2315"]
[BlackElo "2425"]

1.e4 c5 2.Nf3 d6 3.Bb5+ Bd7 4.Bxd7+ Qxd7 5.O-O Nc6 6.c3 Nf6 7.d4 Nxe4 8.d5 Nb8
9.Re1 Nf6 10.Bg5 Na6 11.c4 h6 12.Bxf6 gxf6 13.Nc3 Rg8 14.g3 O-O-O 15.a3 f5
16.Ne2 Bg7 17.Rb1 e5 18.dxe6 fxe6 19.Nf4 Rge8 20.b4 b6 21.Qc2 Nc7 22.bxc5 dxc5
23.a4 Qc6 24.Re3 Bd4 25.Nxd4 cxd4 26.Re5 Na6 27.Nd3 Re7 28.a5 Rc7 29.axb6 axb6
30.Reb5 Rd6 31.Ne5 Qe4 32.Qd2 d3 33.Rxb6 Qxe5 34.Qxh6 d2 35.Rxa6 d1=Q+ 36.Rxd1 Rxd1+
37.Kg2 Qe4+ 38.f3 Qe2+ 39.Kh3 Qf1+  0-1

[Event "Biel op"]
[Site "Biel"]
[Date "1992.??.??"]
[Round "2"]
[White "Cladouras, Panagiotis"]
[Black "Golubev, Mihail"]
[Result "1/2-1/2"]
[WhiteElo "2335"]
[BlackElo "2490"]

1.e4 c5 2.Nf3 d6 3.Bb5+ Bd7 4.Bxd7+ Qxd7 5.O-O Nc6 6.c4 Nf6 7.Nc3 g6 8.d3 Bg7
9.h3 O-O 10.Be3 Nh5 11.d4 cxd4 12.Nxd4 Rfc8 13.b3 Nf4 14.Rc1 Be5 15.Nd5 g5
16.Nxc6 bxc6 17.Nxf4 gxf4 18.Bd2 Qe6 19.Qf3 Qf6 20.c5 Kh8 21.Rc4 Rg8 22.cxd6 Qxd6
23.Bb4 Qe6 24.Rfc1 Rac8 25.Bc3 f6 26.Rc5 Bd6 27.Rf5 Rg6 28.Kh1 Rcg8 29.Rg1 Qd7
30.Qd3 e5 31.g4 fxg3 32.Rxg3 Qe7 33.Qf3 Bc5 34.h4 Qg7 35.Be1 Qh6 36.h5 Rxg3
37.fxg3 Qc1 38.Qf1 Qe3 39.Rxf6 Qxe4+ 40.Kh2 Qc2+ 41.Kh3  1/2-1/2

[Event "Biel op"]
[Site "Biel"]
[Date "1992.??.??"]
[Round "4"]
[White "Gheorghiu, Florin"]
[Black "Kuczynski, Robert"]
[Result "1/2-1/2"]
[WhiteElo "2500"]
[BlackElo "2525"]

1.e4 c5 2.Nf3 d6 3.Bb5+ Nc6 4.O-O Bd7 5.Re1 a6 6.Bxc6 Bxc6 7.d4 cxd4 8.Nxd4 Nf6
9.Nxc6 bxc6 10.c4 g6 11.b3 Bg7 12.Bb2 O-O 13.Nd2 Qb6 14.Qc2  1/2-1/2

[Event "Biel op"]
[Site "Biel"]
[Date "1992.??.??"]
[Round "7"]
[White "Cladouras, Panagiotis"]
[Black "Gurevich, Dmitry"]
[Result "0-1"]
[WhiteElo "2335"]
[BlackElo "2490"]

1.e4 c5 2.Nf3 d6 3.Bb5+ Nd7 4.O-O Nf6 5.Re1 e6 6.c3 a6 7.Bf1 Be7 8.d4 cxd4
9.cxd4 b5 10.a4 b4 11.a5 O-O 12.Bg5 Bb7 13.Nbd2 h6 14.Bh4 Ra7 15.h3 Re8 16.Qa4 Qa8
17.d5 exd5 18.exd5 Bxd5 19.Qxb4 Ne5 20.Nd4 Rb7 21.Qa3 Nh5 22.Bxe7 Rbxe7 23.Nf5 Re6
24.Nxd6 Rg6 25.N2e4 Ree6 26.Rac1 Kh7 27.Rc8 Qa7 28.Nf5 Qb7 29.Qf8 Qxc8 30.Qxc8 Nf3+
31.Kh1 Nxe1 32.Neg3 Nf4 33.Ne3 Bc6 34.Kh2 h5 35.h4 Nfd3 36.Nd1 Rg4 37.Qd8 Ne5
38.Ne3 Rf4 39.Nxh5 Rxf2 40.Ng3 Rg6 41.h5 Rg5 42.Kg1 Rxb2 43.Bd3+ N1xd3 44.Qxg5 Rxg2+
45.Nxg2 Nf3+ 46.Kh1 Nf2+  0-1

[Event "Biel"]
[Site "Biel"]
[Date "1992.??.??"]
[Round "13"]
[White "Kortschnoj, Viktor"]
[Black "Georgiev, Kiril"]
[Result "1/2-1/2"]
[WhiteElo "2575"]
[BlackElo "2610"]

1.e4 c5 2.Nf3 d6 3.Bb5+ Bd7 4.Bxd7+ Qxd7 5.c4 Nc6 6.Nc3 Nf6 7.d4 cxd4 8.Nxd4 e6
9.O-O Be7 10.Be3 O-O 11.Qe2 Rfd8 12.Rfd1 Rac8 13.Nb3 b6 14.f4 Qb7 15.Bf2 a6
16.Rac1 Rb8 17.a4 Nd7 18.Rd2 Rbc8 19.Rcd1 Nc5 20.Nd4 Nxd4 21.Rxd4 Nb3 22.R4d3 Rxc4
23.Rh3 b5 24.axb5 axb5 25.Qh5 h6 26.Rg3 Kf8 27.f5 Bf6 28.fxe6 fxe6 29.Nxb5 Nd2
30.Rxd2 Rc1+ 31.Rd1 Qxb5 32.Qxb5 Rxd1+ 33.Be1 Rxe1+ 34.Kf2 Rxe4 35.Rf3 Kg8
36.Qb7 d5 37.b4 Bd4+ 38.Kf1 Kh7 39.g3 Re5 40.b5 Rd6 41.Rf7 Rf5+ 42.Ke2 Rxf7
43.Qxf7 Rb6 44.Qd7 Kg6 45.h4 h5 46.Qe7 Bf6 47.Qc5 Bd8 48.Qc8 Bf6 49.Kf3 Kh7
50.Qc5 Bd8 51.g4 hxg4+ 52.Kxg4 e5 53.Qxd5 Rg6+ 54.Kh3 Bb6 55.Qxe5 Rf6 56.Kg4 Kg8
57.Qe4 Kh8 58.Qe8+ Kh7 59.h5 Rh6 60.Kf5 Rf6+ 61.Ke4 Bf2 62.Ke5 Bb6 63.Kd5 Rh6  1/2-1/2

[Event "Bled op (Women)"]
[Site "Bled"]
[Date "1992.??.??"]
[Round "7"]
[White "Puljek Salai, Zorica"]
[Black "Djeno, Mara"]
[Result "1/2-1/2"]
[WhiteElo "2190"]
[BlackElo "2140"]

1.e4 c5 2.Nf3 d6 3.Bb5+ Bd7 4.Bxd7+ Nxd7 5.d4 cxd4 6.Qxd4 Qb6 7.c4 Qxd4 8.Nxd4 Ne5
9.Na3 Nd3+ 10.Ke2 Nxc1+ 11.Raxc1 Rc8 12.Rhd1 g6 13.Rc3 a6 14.Rb3 Rc7 15.Rbd3 Bg7
16.b4 Rc8 17.f3 Nf6 18.Nb3 Nh5 19.g3 Bb2 20.Nd2 O-O 21.Rb1 Bg7 22.Nc2 Bh6
23.Ne3 Rfe8 24.a4 Kf8 25.a5 Rc6 26.b5 Rc5 27.Rd5 Rec8 28.Rxc5 Rxc5 29.bxa6 bxa6
30.Rb8+ Kg7 31.Nb3 Bxe3 32.Kxe3 Rxc4 33.Kd3 Ra4 34.Rb6 Nf6 35.Rxa6 Nd7 36.Ra7 Ne5+
37.Kc3 Nxf3 38.Rxe7 Ne5 39.Rb7 Nc6 40.Rb5 Rxe4 41.Rb6 Nxa5 42.Nxa5 Re2 43.Rb2 Rxb2
44.Kxb2 Kf6 45.Kc3 Kf5 46.Nb7 Kg4 47.Nxd6 f5 48.Kd3 h5 49.Nf7 h4 50.Ne5+ Kh3
51.gxh4 Kxh4 52.Ke3 Kh3 53.Nf3 g5  1/2-1/2

[Event "Bled op"]
[Site "Bled"]
[Date "1992.??.??"]
[Round "7"]
[White "Nevednichy, Vladislav"]
[Black "Sorokin, Maxim"]
[Result "1/2-1/2"]
[WhiteElo "2470"]
[BlackElo "2570"]

1.e4 c5 2.Nf3 d6 3.Bb5+ Bd7 4.Bxd7+ Nxd7 5.c4 Ngf6 6.Nc3 g6 7.O-O Bg7 8.d4 cxd4
9.Nxd4 O-O 10.b3 a6 11.Be3 e6 12.Rc1 Rc8 13.Qe2 Re8 14.Rfd1 d5 15.cxd5 exd5
16.Nxd5 Rxc1 17.Nxf6+ Nxf6 18.Rxc1 Nxe4 19.Qd3 Qd5 20.Qc4 Qxc4 21.Rxc4 Rd8
22.g3 b5 23.Nxb5 Nd2 24.Bxd2 Rxd2 25.Rc8+ Bf8 26.Nc3 Kg7 27.Kg2 Bb4 28.Rc4 Bxc3  1/2-1/2

[Event "Bozen op"]
[Site "Bozen"]
[Date "1992.??.??"]
[Round "7"]
[White "Laketic, Gojko"]
[Black "Rashkovsky, Nukhim N"]
[Result "0-1"]
[WhiteElo "2480"]
[BlackElo "2520"]

1.e4 c5 2.Nf3 d6 3.Bb5+ Bd7 4.Bxd7+ Qxd7 5.O-O Nf6 6.Re1 Nc6 7.d4 cxd4 8.Nxd4 g6
9.Nxc6 bxc6 10.c4 Bg7 11.Nc3 O-O 12.Bg5 Qe6 13.Rc1 h6 14.Bf4 g5 15.Bg3 Nd7
16.b3 Rae8 17.Na4 f5 18.exf5 Qxf5 19.Qe2 Bd4 20.Red1 e5 21.Kh1 Qg6 22.Nc3 h5
23.f3 h4 24.Be1 h3 25.Bg3 Qh5 26.Qe4 hxg2+ 27.Kxg2 Rf4 28.Bxf4 gxf4 29.Qxc6 Kh8
30.Qe4 Rg8+ 31.Kh1  0-1